NFL Pro Bowl Running Backs 2000s - Statistics

General Stats
  • This quiz has been taken 201 times
  • The average score is 55 of 77
Answer Stats
Season Team Player % Correct
2009 Vikings Adrian Peterson
100%
2008 Vikings Adrian Peterson
100%
2007 Vikings Adrian Peterson
100%
2009 Titans Chris Johnson
94%
2008 Titans Chris Johnson
94%
2006 Chiefs Larry Johnson
92%
2005 Chiefs Larry Johnson
92%
2004 Bengals Rudi Johnson
92%
2009 49ers Frank Gore
91%
2006 49ers Frank Gore
91%
2007 Chargers LaDainian Tomlinson
91%
2006 Chargers LaDainian Tomlinson
91%
2005 Chargers LaDainian Tomlinson
91%
2004 Chargers LaDainian Tomlinson
91%
2002 Chargers LaDainian Tomlinson
91%
2003 Ravens Jamal Lewis
88%
2009 Jaguars Maurice Jones-Drew
87%
2005 Seahawks Shaun Alexander
87%
2004 Seahawks Shaun Alexander
87%
2003 Seahawks Shaun Alexander
87%
2002 Rams Marshall Faulk
85%
2001 Rams Marshall Faulk
85%
2000 Rams Marshall Faulk
85%
2004 Steelers Jerome Bettis
84%
2001 Steelers Jerome Bettis
84%
2009 Panthers DeAngelo Williams
83%
2002 Dolphins Ricky Williams
83%
2008 Jets Thomas Jones
83%
2005 Colts Edgerrin James
82%
2004 Colts Edgerrin James
82%
2000 Colts Edgerrin James
82%
2007 Cowboys Marion Barber
82%
2006 Giants Tiki Barber
82%
2005 Giants Tiki Barber
82%
2004 Giants Tiki Barber
82%
2009 Rams Steven Jackson
80%
2006 Rams Steven Jackson
80%
2004 Packers Ahman Green
79%
2003 Packers Ahman Green
79%
2002 Packers Ahman Green
79%
2001 Packers Ahman Green
79%
2004 Jets Curtis Martin
78%
2001 Jets Curtis Martin
78%
2003 Chiefs Priest Holmes
78%
2002 Chiefs Priest Holmes
78%
2001 Chiefs Priest Holmes
78%
2009 Ravens Ray Rice
78%
2000 Titans Eddie George
70%
2004 Patriots Corey Dillon
69%
2001 Bengals Corey Dillon
69%
2000 Bengals Corey Dillon
69%
2007 Jaguars Fred Taylor
68%
2008 Redskins Clinton Portis
66%
2003 Broncos Clinton Portis
66%
2007 Eagles Brian Westbrook
63%
2004 Eagles Brian Westbrook
63%
2000 Vikings Robert Smith
62%
2003 Saints Deuce McAllister
59%
2002 Saints Deuce McAllister
59%
2008 Bills Marshawn Lynch
59%
2008 Falcons Michael Turner
59%
2005 Falcons Warrick Dunn
57%
2000 Buccaneers Warrick Dunn
57%
2003 Redskins Stephen Davis
53%
2000 Redskins Stephen Davis
53%
2007 Steelers Willie Parker
49%
2006 Steelers Willie Parker
49%
2001 49ers Garrison Hearst
44%
2008 Dolphins Ronnie Brown
44%
2007 Colts Joseph Addai
43%
2007 Ravens Willis McGahee
42%
2002 Bills Travis Henry
27%
2000 49ers Charlie Garner
16%
2002 Vikings Michael Bennett
15%
2008 Jets Leon Washington
9%
2000 Panthers Michael Bates
6%
2002 Saints Fred McAfee
4%
No matching quizzes found
Score Distribution
Percent of People with Each Score
Percentile by Number Answered
Your Score History
You have not taken this quiz